|
|
|
|
| LEADER |
00000naa2a2200000 4500 |
| 001 |
434200 |
| 005 |
20240209112037.0 |
| 035 |
|
|
|a (RuTPU)RU\TPU\prd\95168
|
| 035 |
|
|
|a RU\TPU\prd\85379
|
| 090 |
|
|
|a 434200
|
| 100 |
|
|
|a 20110117a2007 k y0rusy50 ca
|
| 101 |
0 |
|
|a rus
|
| 102 |
|
|
|a RU
|
| 200 |
1 |
|
|a Разработка стеклокристаллических покрытий, содержащих гидроксиапатит
|f Е. А. Кулинич, Т. А. Хабас, В. И. Верещагин
|
| 320 |
|
|
|a Библиогр.: 8 назв.
|
| 330 |
|
|
|a Рассмотрены стеклокристаллические композиции на основе лейцитового стекла с повышенным содержанием плавней и добавками гидроксиапатита или смеси гидроксиапатита с флюоритом, предназначенные для изготовления покрытий на титановые имплантаты. Установлено, что в качестве стеклокристаллических покрытий зубных протезов более всего подходят массы, содержащие гидроксиапатит в лейцитовом стекле не более 30%. Массы с большим содержанием гидроксиапатита Ca10(PO4)6(OH)2 (более 30%) могут быть рекомендованы в качестве покрытий на внутричелюстные титановые имплантаты
|
| 461 |
|
1 |
|0 (RuTPU)RU\TPU\prd\1726
|x 0131-9582
|t Стекло и керамика
|o научно-технический и производственный журнал
|f Российский химико-технологический университет им. Д. И. Менделеева (РХТУ)
|d 1948-
|
| 463 |
|
1 |
|0 (RuTPU)RU\TPU\prd\95167
|t № 4
|v С. 34-36, 39
|d 2007
|
| 610 |
1 |
|
|a труды учёных ТПУ
|
| 700 |
|
1 |
|a Кулинич
|b Е. А.
|c химик
|c доцент Томского политехнического университета, кандидат технических наук
|f 1975-
|g Екатерина Александровна
|3 (RuTPU)RU\TPU\pers\25615
|9 11544
|
| 701 |
|
1 |
|a Хабас
|b Т. А.
|c химик
|c профессор Томского политехнического университета, доктор технических наук
|f 1949-
|g Тамара Андреевна
|3 (RuTPU)RU\TPU\pers\25651
|9 11562
|
| 701 |
|
1 |
|a Верещагин
|b В. И.
|c химик-технолог
|c профессор Томского политехнического университета, доктор технических наук
|f 1942-
|g Владимир Иванович
|3 (RuTPU)RU\TPU\pers\19774
|9 7712
|
| 801 |
|
1 |
|a RU
|b 63413507
|c 20100714
|
| 801 |
|
2 |
|a RU
|b 63413507
|c 20111013
|g RCR
|
| 942 |
|
|
|c BK
|